| 000 | 00380 a2200169 4500 | ||
|---|---|---|---|
| 001 | 145379 | ||
| 040 | _cLeonardo Da Vinci | ||
| 041 | _aPortuguês | ||
| 082 |
_aI S783a _bS783a |
||
| 100 | _aSTAMM, Melissa Probst | ||
| 245 | _aAmigos do mar | ||
| 260 |
_bchocolates _c2004 _aSão Paulo |
||
| 300 | _a08 | ||
| 362 | _a20040000 | ||
| 697 | _aLiteratura infantil | ||
| 942 | _cBK | ||
| 999 |
_c145379 _d145379 |
||